Statistics for All games in the Luigi's Mansion series

Click here to take the quiz!

General Stats

  • This quiz has been taken 66 times
  • The average score is 3 of 5

Answer Stats

Answer% Correct
Luigi's Mansion
100%
Luigi's Mansion 3
94%
Luigi's Mansion 2
85%
Luigi's Mansion Arcade
31%
Luigi's Mansion Remake
21%

Score Distribution

Percentile by Number Answered

Percent of People with Each Score

Your Score History

You have not taken this quiz